Concise encyclopedia biochemistry

Na minha lista:
Detalhes bibliográficos
Formato: Livro
Idioma:Undetermined
Publicado em: New York Walter de Gruyter 1983
Assuntos:
Tags: Adicionar Tag
Sem tags, seja o primeiro a adicionar uma tag!
Thư viện lưu trữ: Trung tâm Học liệu Trường Đại học Cần Thơ
LEADER 00451nam a2200157Ia 4500
001 CTU_26243
008 210402s9999 xx 000 0 und d
082 |a 574.192 
082 |b C755/1983 
245 0 |a Concise encyclopedia biochemistry 
260 |a New York 
260 |b Walter de Gruyter 
260 |c 1983 
650 |a biochemistry - dictionaries,life sciences 
904 |i Minh, 981012 
980 |a Trung tâm Học liệu Trường Đại học Cần Thơ